000 00916nam a22003137a 4500
001 000465
003 DO-SdBNP
005 20171109090306.0
007 000465
008 160902b 2002 sp ||||| |||| 00| 0 spa d
020 _a8430604367
040 _aBPMSU
_bspa
_cBPMSU
082 4 _a305.31
_bC591h
100 1 _aClare, Anthony
245 1 0 _a Hombres :
_bla masculinidad en crisis /
_cAnthony Clare ; traducción de Irene Cifuentes.
260 _aMadrid :
_bTaurus,
_c2002.
300 _a366 p. :
_bil. ;
_c22 cm.
490 1 _aPensamiento
650 4 _aHOMBRES
650 4 _aROLES SEXUALES
650 4 _aMASCULINIDAD
650 4 _aHOMBRES
_xCONDICIONES SOCIALES
700 1 2 _aCifuentes, Irene,
_etr.
830 0 _aPensamiento
910 _aValidado. Control de calidad MFF
942 _2ddc
_cBK
945 _aInventariado extranjero / 2017 VM
956 _2LOPEREZ
_310
_620160902
_8BPMSU
_a00041
999 _c11289
_d11289